| 000 | 00386nam a2200157 4500 | ||
|---|---|---|---|
| 001 | 45842 | ||
| 090 | _a45842 | ||
| 100 | _a20260313 pory50 | ||
| 101 | _apor | ||
| 102 | _aPT | ||
| 200 |
_aUma familia ingleza _escenas da vida do Porto _fJúlio Diniz |
||
| 210 |
_aPorto _cLivraria Lello & irmão _d[S.d.] |
||
| 215 | _a463 p. | ||
| 675 | _a821.134.3-31 | ||
| 801 |
_aPT _gRPC |
||
| 990 | _cLIVROS | ||